MARC

LEADER 00000nam0a2200000 4500
001 55522
005 20231031051738.0
010 |a 5283090229 
035 |a (RuTPU)RU\TPU\book\58274 
090 |a 55522 
100 |a 20030917d1991 k y0rusy50 ca 
101 0 |a rus 
102 |a RU 
105 |a a z 001zy 
200 1 |a Основы гамма-спектрометрии природных сред  |f Р. М. Коган, И. М. Назаров, Ш. Д. Фридман 
205 |a 3-е изд., перераб. и доп. 
210 |a Москва  |c Энергоатомиздат  |d 1991 
215 |a 232 с.  |c ил. 
320 |a Библиография: с. 226-231. 
610 1 |a гамма-спектроскопия 
610 1 |a природные среды 
610 1 |a радиоактивность 
610 1 |a радиоактивные загрязнения 
610 1 |a окружающая среда 
610 1 |a радиоэкология 
610 1 |a ядерно-геофизические методы 
610 1 |a геология 
610 1 |a охрана 
675 |a 550.835  |v 3 
700 1 |a Коган  |b Р. М.  |g Роман Моисеевич 
701 1 |a Назаров  |b И. М.  |g Игорь Михайлович 
701 1 |a Фридман  |b Ш. Д.  |g Шепа Давидович 
801 1 |a RU  |b 63413507  |c 20030917  |g PSBO 
801 2 |a RU  |b 63413507  |c 20170306  |g PSBO 
900 |a Спектрометрия в радиоэкологии 
942 |c BK